| Tag |
First Indicator |
Second Indicator |
Subfields |
| LEADER |
00000cam a2200000 a 4500 |
| 001 |
in00000073688 |
| 005 |
20151008054652.0 |
| 008 |
760806s1976 ge af 00110 ger d |
| 020 |
|
|
|a 3485030554
|
| 035 |
|
|
|a (OCoLC)02358500
|
| 035 |
|
|
|9 AAJ1332AM
|
| 040 |
|
|
|a WHE
|c WHE
|d m.c.
|d TXA
|d UtOrBLW
|
| 043 |
|
|
|a e-gx---
|
| 049 |
|
|
|a TXAM
|c [1654832]
|
| 090 |
|
|
|a NX550.A1
|b H35 1976
|
| 100 |
1 |
|
|a Hamann, Richard,
|d 1879-1961.
|
| 245 |
1 |
0 |
|a Naturalismus /
|c Richard Hamann, Jost Hermand.
|
| 250 |
|
|
|a 3. Aufl.
|
| 264 |
|
1 |
|a Munchen :
|b Nymphenburger Verlagshandlung,
|c 1976.
|
| 300 |
|
|
|a 326 pages, 32 unnumbered pages of plates :
|b illustrations ;
|c 21 cm.
|
| 336 |
|
|
|a text
|b txt
|2 rdacontent
|
| 337 |
|
|
|a unmediated
|b n
|2 rdamedia
|
| 338 |
|
|
|a volume
|b nc
|2 rdacarrier
|
| 490 |
1 |
|
|a Epochen deutscher Kultur von 1870 bis zur Gegenwart ;
|v Bd.2
|
| 490 |
1 |
|
|a Sammlung Dialog ;
|v 55
|
| 500 |
|
|
|a Includes index.
|
| 650 |
|
0 |
|a Arts, German.
|
| 650 |
|
0 |
|a Naturalism in art.
|
| 650 |
|
0 |
|a Art and society.
|
| 700 |
1 |
|
|a Hermand, Jost.
|
| 800 |
1 |
|
|a Hamann, Richard,
|d 1879-1961.
|t Epochen deutscher Kultur von 1870 bis zur Gegenwart ;
|v Bd. 2.
|
| 830 |
|
0 |
|a Sammlung Dialog ;
|v 55.
|
| 999 |
|
|
|a MARS
|
| 999 |
f |
f |
|s da7ad0ed-1b4a-3e86-ba43-b0b14857397f
|i b1c0c03b-b7f1-34aa-99e0-897e67c03da3
|t 0
|
| 952 |
f |
f |
|p ric
|a Texas A&M University
|b Rellis Campus
|c Joint Library Facility
|d Remote Storage
|t 0
|e NX550.A1 H35 1976
|h Library of Congress classification
|i unmediated -- volume
|m A14806171432
|
| 998 |
f |
f |
|a NX550.A1 H35 1976
|t 0
|l Remote Storage
|